Statystyki dla kluby występujące w Ekstraklasie nieprzerwanie od 2010r.

Kliknij tutaj aby rozwiązać quiz!

Ogólne statystyki

  • Ten quiz został rozwiązany 302 razy
  • Średni wynik to 6 z 7

Statystyki odpowiedzi

#Odpowiedź% Poprawnych
6Lech Poznań
99%
1Legia Warszawa
99%
2Wisła Kraków
95%
5Lechia Gdańsk
94%
7Śląsk Wrocław
89%
3Jagiellonia
86%
4Korona Kielce
62%

Rozkład punktacji

Percentyl według liczby udzielonych odpowiedzi

Procent ludzi z każdym wynikiem

Twoja historia wyników

Nie rozwiązałeś tego quizu